[Event "25.Schlosspark-Open"]
[Site "Wiesbaden-Biebrich"]
[Date "2013.08.23"]
[Round "3.25"]
[White "Kannenberg, Carl-Friedrich"]
[Black "Neurohr, Jürgen"]
[Result "0-1"]
[WhiteElo "1927"]
[BlackElo "2060"]
[PlyCount "120"]
[EventDate "2013.??.??"]
[WhiteTeam "SAbt TuS Dotzheim"]
[BlackTeam "Sfr.Mainz 1928"]

1. e4 e5 2. Nf3 Nc6 3. Bb5 a6 4. Bxc6 dxc6 5. d3 Bd6 6. Bg5 Ne7 7. Nbd2 f6 8.
Be3 Ng6 9. g3 c5 10. Qe2 Be6 11. b3 Qd7 12. Ng1 O-O-O 13. f3 Qc6 14. a4 b6 15.
h4 h5 16. Nh3 Kb8 17. Qg2 Kb7 18. Ke2 Nf8 19. Nc4 Be7 20. Nf2 a5 21. f4 Bxc4
22. dxc4 Ne6 23. c3 exf4 24. gxf4 f5 25. Qf3 fxe4 26. Qxe4 Rhf8 27. Qxc6+ Kxc6
28. Kf3 Bf6 29. Rac1 Rf7 30. Kg3 Rdf8 31. Ne4 Be7 32. Rhf1 g6 33. Rcd1 Ng7 34.
Bc1 Nf5+ 35. Kh3 Nxh4 36. Rg1 Rg8 37. Rd3 Nf5 38. Ng3 Rd8 39. Rf3 Nh6 40. Re3
Bf6 41. Rge1 h4 42. Ne4 Nf5 43. R3e2 Rd3+ 44. Kh2 Be7 45. Rg1 Kb7 46. Rxg6 Nd6
47. Re6 Nxe4 48. R6xe4 Bd6 49. Bd2 Rxd2 50. Rxd2 Bxf4+ 51. Rxf4 Rxf4 52. Kh3
Rf3+ 53. Kxh4 Rxc3 54. Rb2 c6 55. Kg4 b5 56. cxb5 cxb5 57. axb5 Kb6 58. Kf4
Kxb5 59. Ke4 Kb4 60. Kd5 Rxb3 0-1

[Event "25.Schlosspark-Open"]
[Site "Wiesbaden-Biebrich"]
[Date "2013.08.23"]
[Round "3.26"]
[White "Hoffmann, Jens"]
[Black "Wagner, Dirk"]
[Result "1/2-1/2"]
[WhiteElo "1655"]
[BlackElo "2049"]
[PlyCount "57"]
[EventDate "2013.??.??"]
[WhiteTeam "SF HN-Biberach 1978 e.V."]
[BlackTeam "SC Matt im Park Ffm"]

1. e4 e5 2. Nf3 Nc6 3. Bb5 a6 4. Ba4 d6 5. O-O Bd7 6. c3 Nge7 7. Re1 Ng6 8. d4
Be7 9. d5 Nb8 10. Bxd7+ Nxd7 11. Nbd2 O-O 12. Nf1 Nh4 13. Ng3 Nxf3+ 14. Qxf3
Bg5 15. Bxg5 Qxg5 16. Re3 g6 17. Qe2 h5 18. Rd1 h4 19. Nf1 Nf6 20. Rh3 Nh5 21.
Re3 Nf4 22. Qf3 f5 23. h3 Nh5 24. Nh2 fxe4 25. Qxe4 Rf4 26. Qd3 Raf8 27. Nf3
Qf6 28. Rde1 Rf5 29. Qc4 1/2-1/2

[Event "25.Schlosspark-Open"]
[Site "Wiesbaden-Biebrich"]
[Date "2013.08.23"]
[Round "3.27"]
[White "Seickel, Ralf"]
[Black "Lenz, Jonas"]
[Result "1/2-1/2"]
[WhiteElo "2037"]
[BlackElo "1930"]
[PlyCount "42"]
[EventDate "2013.??.??"]
[WhiteTeam "SV 1926 Neu-Isenburg"]
[BlackTeam "SK Bad Homburg 1927"]

1. Nf3 Nf6 2. c4 e6 3. g3 b6 4. Bg2 Bb7 5. O-O c5 6. d4 cxd4 7. Qxd4 Be7 8. Nc3
d6 9. Rd1 a6 10. Be3 Nbd7 11. Ng5 Bxg2 12. Kxg2 O-O 13. Rac1 Rc8 14. Nge4 Ne8
15. b3 f5 16. Nd2 Bf6 17. Qd3 Ne5 18. Qb1 Ng4 19. Qd3 Ne5 20. Qb1 Ng4 21. Qd3
Ne5 1/2-1/2

[Event "25.Schlosspark-Open"]
[Site "Wiesbaden-Biebrich"]
[Date "2013.08.23"]
[Round "3.28"]
[White "Willems, Matthias"]
[Black "Berger, Ewald"]
[Result "1-0"]
[WhiteElo "2037"]
[BlackElo "1923"]
[PlyCount "37"]
[EventDate "2013.??.??"]
[WhiteTeam "SC Bad Nauheim"]
[BlackTeam "vereinslos"]

1. Nf3 f5 2. c4 Nf6 3. g3 e6 4. Bg2 Be7 5. O-O O-O 6. d3 d5 7. Nbd2 c6 8. b3
Nbd7 9. Bb2 Qe8 10. Re1 Qh5 11. e4 fxe4 12. dxe4 Bb4 13. a3 Bxd2 14. Nxd2 Qf7
15. f4 Nc5 16. Qc2 dxe4 17. Nxe4 Qe7 18. Rad1 a5 19. Be5 1-0

[Event "25.Schlosspark-Open"]
[Site "Wiesbaden-Biebrich"]
[Date "2013.08.23"]
[Round "3.29"]
[White "Boidman, Yuri"]
[Black "Rennhack, Peer"]
[Result "1-0"]
[WhiteElo "2403"]
[BlackElo "1919"]
[PlyCount "41"]
[EventDate "2013.??.??"]
[WhiteTeam "SC Heimbach-Weis/Neuwied"]
[BlackTeam "Sabt Frankfurter TV 1860"]

1. e4 Nf6 2. Nc3 d5 3. e5 Nfd7 4. Nf3 e6 5. Ne2 c5 6. c3 f6 7. Nf4 Qe7 8. d4
cxd4 9. cxd4 fxe5 10. dxe5 Qb4+ 11. Bd2 Qe4+ 12. Be2 Nxe5 13. O-O Nbc6 14. Re1
Qf5 15. Nxe5 Nxe5 16. g4 Qf6 17. Bb5+ Kf7 18. Nh5 Qh4 19. Rxe5 Bd6 20. Qf3+ Ke7
21. Bg5+ 1-0

[Event "25.Schlosspark-Open"]
[Site "Wiesbaden-Biebrich"]
[Date "2013.08.23"]
[Round "3.30"]
[White "Krenz, Valeriy"]
[Black "Thomele, Michael"]
[Result "1-0"]
[WhiteElo "2263"]
[BlackElo "1882"]
[PlyCount "79"]
[EventDate "2013.??.??"]
[WhiteTeam "SAbt TuS Dotzheim"]
[BlackTeam "SC 1959 Obernau"]

1. d4 d5 2. c4 c6 3. Nc3 e6 4. cxd5 exd5 5. Qc2 Nf6 6. Bg5 Be7 7. e3 Nbd7 8.
Bd3 O-O 9. Nge2 Re8 10. O-O Nf8 11. f3 Nh5 12. Bxe7 Qxe7 13. e4 dxe4 14. fxe4
g6 15. Rf2 Ne6 16. Raf1 Rf8 17. d5 Nc5 18. Bc4 b5 19. Rxf7 Rxf7 20. d6 Qxd6 21.
Bxf7+ Kh8 22. Nxb5 Qe5 23. Bd5 cxd5 24. Qxc5 Be6 25. Nc7 Rg8 26. exd5 Bg4 27.
Qd4 Qxd4+ 28. Nxd4 Ng7 29. Nce6 Re8 30. Rf7 Nxe6 31. Nxe6 a6 32. Ng5 Re1+ 33.
Kf2 Re2+ 34. Kg3 h5 35. Nh7 Kg8 36. Rb7 Rd2 37. Nf6+ Kf8 38. Nxg4 hxg4 39. Rb6
Rxd5 40. Rxa6 1-0

[Event "25.Schlosspark-Open"]
[Site "Wiesbaden-Biebrich"]
[Date "2013.08.23"]
[Round "3.31"]
[White "Hahn, Markus"]
[Black "Lukas, Sebastian"]
[Result "1-0"]
[WhiteElo "2239"]
[BlackElo "1872"]
[PlyCount "51"]
[EventDate "2013.??.??"]
[WhiteTeam "Kasseler SK 1876"]
[BlackTeam "SC 1979 Hattersheim"]

1. d4 d5 2. c4 c6 3. Nf3 Nf6 4. e3 e6 5. b3 Nbd7 6. Bb2 b6 7. Bd3 Bb7 8. O-O
Be7 9. Nc3 O-O 10. Qe2 Qc7 11. Rac1 Rad8 12. Rfe1 dxc4 13. Bxc4 c5 14. Ba3 Rfe8
15. Bb5 a6 16. Bxa6 Bxa6 17. Qxa6 Ra8 18. Qe2 Qb7 19. Bb2 Rec8 20. a4 cxd4 21.
Nxd4 Bb4 22. Qb5 Bxc3 23. Rxc3 Nc5 24. Rec1 e5 25. Rxc5 exd4 26. Qxb6 1-0

[Event "25.Schlosspark-Open"]
[Site "Wiesbaden-Biebrich"]
[Date "2013.08.23"]
[Round "3.32"]
[White "Rutsatz, Mario"]
[Black "Puschendorf, Steffen"]
[Result "1-0"]
[WhiteElo "1918"]
[BlackElo "2220"]
[PlyCount "133"]
[EventDate "2013.??.??"]
[WhiteTeam "Sfr. Frankfurt 1921"]
[BlackTeam "ESV Gera"]

1. d4 Nf6 2. c4 g6 3. Nc3 Bg7 4. Nf3 O-O 5. Bf4 d6 6. e3 Nbd7 7. Be2 c6 8. O-O
Nh5 9. Bg5 h6 10. Bh4 g5 11. Nd2 Nhf6 12. Bg3 e5 13. h3 Re8 14. Nf3 Qe7 15. Qc2
e4 16. Nd2 Nf8 17. b4 Bf5 18. c5 d5 19. b5 Qd7 20. bxc6 bxc6 21. Rfb1 Ng6 22.
Rb4 g4 23. h4 Nh5 24. Rab1 Nxg3 25. fxg3 Qc7 26. Nf1 Bc8 27. Qa4 a5 28. Nxd5
axb4 29. Nxc7 Rxa4 30. Nxe8 Rxa2 31. Bc4 Ra4 32. Nd6 Ne7 33. Bb3 Ra3 34. Bxf7+
Kf8 35. Rxb4 Ra8 36. Nxc8 Kxf7 37. Nd6+ Ke6 38. Nxe4 Ra1 39. Ned2 Nf5 40. Kf2
h5 41. Rb6 Ne7 42. Ke2 Ra3 43. Nc4 Ra2+ 44. Nfd2 Ra1 45. Rb1 Rxb1 46. Nxb1 Nf5
47. Kf2 Nxd4 48. exd4 Bxd4+ 49. Ke2 Bxc5 50. Nbd2 Ba7 51. Ne4 Bb8 52. Ke3 Kf5
53. Ned6+ Ke6 54. Ne4 Kf5 55. Ncd6+ Ke6 56. Nb7 Kf5 57. Kd3 Bc7 58. Nbc5 Be5
59. Kc4 Bc7 60. Kd3 Be5 61. Nb3 Kg6 62. Nd4 c5 63. Ne6 Kf5 64. N6xc5 Bc7 65.
Kd4 Be5+ 66. Kd5 Bc7 67. Nd3 1-0

[Event "25.Schlosspark-Open"]
[Site "Wiesbaden-Biebrich"]
[Date "2013.08.23"]
[Round "3.33"]
[White "Kayser, Felix"]
[Black "Keymer, Vincent"]
[Result "1-0"]
[WhiteElo "2179"]
[BlackElo "1861"]
[PlyCount "79"]
[EventDate "2013.??.??"]
[WhiteTeam "Wiesbadener SV 1885"]
[BlackTeam "SK Gau-Algesheim"]

1. e4 c5 2. Nc3 e6 3. f4 d5 4. Nf3 Nf6 5. e5 Nfd7 6. g3 Nc6 7. Bg2 Be7 8. Ne2
b6 9. O-O Ba6 10. c3 c4 11. Kh1 Nc5 12. Ned4 Nxd4 13. Nxd4 Qd7 14. f5 g6 15.
fxe6 fxe6 16. Bh3 h5 17. d3 g5 18. dxc4 Bxc4 19. b4 g4 20. Bg2 Bxf1 21. Bxf1
Ne4 22. Qe1 O-O 23. Bg2 Ng5 24. Bf4 Rad8 25. Qe3 Nf7 26. Bh6 Rfe8 27. Rf1 Bf8
28. Bxf8 Rxf8 29. Rf6 Rde8 30. h3 Kg7 31. Bf1 Qc8 32. Be2 Rh8 33. Kh2 gxh3 34.
Nb5 Qd8 35. Nd6 Re7 36. Qf4 Rf8 37. Bd3 Kg8 38. Rg6+ Kh7 39. Qf6 Nxe5 40. Rg7+
1-0

[Event "25.Schlosspark-Open"]
[Site "Wiesbaden-Biebrich"]
[Date "2013.08.23"]
[Round "3.34"]
[White "Baskin, Robert"]
[Black "Hipler, Andreas"]
[Result "1-0"]
[WhiteElo "2145"]
[BlackElo "1858"]
[PlyCount "101"]
[EventDate "2013.??.??"]
[WhiteTeam "SAbt TuS Makkabi Ffm"]
[BlackTeam "SK Gau-Algesheim"]

1. e4 d5 2. exd5 Qxd5 3. Nc3 Qd6 4. d4 Nf6 5. Nf3 c6 6. Ne5 Bf5 7. Nc4 Qc7 8.
g3 e6 9. Bg2 Bb4 10. Bf4 Qd8 11. a3 Be7 12. O-O O-O 13. Re1 Nd5 14. Be5 Na6 15.
Ne3 Bg6 16. Ncxd5 exd5 17. Bh3 Bd6 18. Nf5 Bxf5 19. Bxf5 Re8 20. Qg4 Bxe5 21.
dxe5 Nc5 22. b4 Ne6 23. f4 g6 24. Bd3 h5 25. Qf3 f5 26. h3 Kg7 27. c3 Rh8 28.
Ra2 Qb6+ 29. Qf2 Qxf2+ 30. Rxf2 b5 31. a4 bxa4 32. Ba6 c5 33. Bb7 Rad8 34. Ra1
cxb4 35. cxb4 Rb8 36. Bxd5 Nc7 37. Bc6 Rxb4 38. Rd2 Ne6 39. Bxa4 Nd4 40. Bd1
Ra8 41. Ra6 Kf7 42. Rd6 Ne6 43. Bf3 Rb1+ 44. Kf2 Re8 45. Ra2 Re7 46. Bd5 Rb6
47. Ra6 Rxa6 48. Rxa6 g5 49. fxg5 Re8 50. g6+ Kxg6 51. Rxe6+ 1-0

[Event "25.Schlosspark-Open"]
[Site "Wiesbaden-Biebrich"]
[Date "2013.08.23"]
[Round "3.35"]
[White "Wolf, Gabriel"]
[Black "Frey, Thomas"]
[Result "0-1"]
[WhiteElo "1859"]
[BlackElo "2141"]
[PlyCount "46"]
[EventDate "2013.??.??"]
[WhiteTeam "Vorw.Orient Mainz"]
[BlackTeam "SV Reutlingen"]

1. d4 Nf6 2. c4 g6 3. Nc3 Bg7 4. e4 d6 5. Be2 O-O 6. Nf3 e5 7. O-O Nc6 8. d5
Ne7 9. b4 Ne8 10. Nd2 f5 11. c5 Kh8 12. Ba3 Ng8 13. Nc4 Ngf6 14. f3 f4 15. b5
b6 16. cxd6 cxd6 17. Nxe5 dxe5 18. Bxf8 Bxf8 19. Rc1 Bc5+ 20. Kh1 Nh5 21. Qe1
Ng3+ 22. hxg3 Qg5 23. Rf2 fxg3 0-1

[Event "25.Schlosspark-Open"]
[Site "Wiesbaden-Biebrich"]
[Date "2013.08.23"]
[Round "3.36"]
[White "Trumpp, Lothar"]
[Black "Budde, Michael"]
[Result "1-0"]
[WhiteElo "2066"]
[BlackElo "1845"]
[PlyCount "31"]
[EventDate "2013.??.??"]
[WhiteTeam "VSG 1880 Offenbach"]
[BlackTeam "SC 1979 Hattersheim"]

1. Nc3 d5 2. e4 dxe4 3. Nxe4 Bf5 4. Ng3 Bg6 5. Nf3 e6 6. h4 h6 7. Ne5 Qf6 8. d4
Bd6 9. Bg5 hxg5 10. hxg5 Qxg5 11. Rxh8 Kf8 12. Nxg6+ Qxg6 13. Bd3 f5 14. Nxf5
Qxg2 15. Nxd6 Qg1+ 16. Bf1 1-0

[Event "25.Schlosspark-Open"]
[Site "Wiesbaden-Biebrich"]
[Date "2013.08.23"]
[Round "3.37"]
[White "Bogucanin, Mirsad"]
[Black "Böhmer, Thomas"]
[Result "1/2-1/2"]
[WhiteElo "1837"]
[BlackElo "2056"]
[PlyCount "66"]
[EventDate "2013.??.??"]
[WhiteTeam "VSG 1880 Offenbach"]
[BlackTeam "Wiesbadener SV 1885"]

1. Nf3 Nf6 2. c4 e6 3. d4 b6 4. Nc3 Bb7 5. Bg5 d5 6. cxd5 exd5 7. e3 Be7 8. Bd3
Nbd7 9. Rc1 h6 10. Bh4 O-O 11. O-O c5 12. Re1 Ne4 13. Bxe7 Qxe7 14. Bxe4 dxe4
15. Nd2 Rfd8 16. Qa4 a6 17. Red1 cxd4 18. Qxd4 Nc5 19. Qb4 Qe6 20. Rc2 a5 21.
Qa3 Rac8 22. Ne2 Qg4 23. Re1 Nd3 24. Rxc8 Rxc8 25. h3 Qh5 26. Ng3 Qe5 27. Rd1
Nb4 28. Qa4 Bc6 29. Qb3 Bd5 30. Qa4 f5 31. a3 Nd3 32. Qb5 Qe6 33. Ne2 Qc6
1/2-1/2

[Event "25.Schlosspark-Open"]
[Site "Wiesbaden-Biebrich"]
[Date "2013.08.23"]
[Round "3.38"]
[White "Kolker, Vladislav"]
[Black "Goldschmidt, Andreas"]
[Result "1-0"]
[WhiteElo "2054"]
[BlackElo "1836"]
[PlyCount "75"]
[EventDate "2013.??.??"]
[WhiteTeam "SC Bad Nauheim"]
[BlackTeam "SC 1953 Ronneburg"]

1. e4 e6 2. d3 d5 3. Nd2 c5 4. Ngf3 Nc6 5. g3 Nf6 6. Bg2 Be7 7. O-O O-O 8. e5
Nd7 9. Re1 Qc7 10. Qe2 Nb4 11. Nf1 b5 12. Bf4 c4 13. d4 c3 14. b3 a5 15. a3 Nc6
16. h4 Ba6 17. Qd1 Nb6 18. N1h2 Rfe8 19. Bh3 Nd7 20. Ng5 Bxg5 21. hxg5 Nf8 22.
Ng4 Ng6 23. Kg2 Nce7 24. Nf6+ gxf6 25. gxf6 Nxf4+ 26. gxf4 Kh8 27. fxe7 Qxe7
28. Qh5 Rg8+ 29. Kf3 Bc8 30. Rh1 Rg7 31. Bf1 f5 32. exf6 Qxf6 33. Bd3 Rf7 34.
Rh4 Raa7 35. Bxh7 Qxh4 36. Qxh4 Rxh7 37. Qd8+ Kg7 38. Rg1+ 1-0

[Event "25.Schlosspark-Open"]
[Site "Wiesbaden-Biebrich"]
[Date "2013.08.23"]
[Round "3.39"]
[White "Schellen, Sven"]
[Black "Reinert, Stephane"]
[Result "1/2-1/2"]
[WhiteElo "1805"]
[BlackElo "2050"]
[PlyCount "69"]
[EventDate "2013.??.??"]
[WhiteTeam "Sfr. Frankfurt 1921"]
[BlackTeam "SC Bad Nauheim"]

1. d4 Nc6 2. Nf3 d5 3. g3 Bg4 4. Bg2 Nf6 5. Nbd2 e6 6. O-O Bd6 7. b3 O-O 8. Bb2
Re8 9. Ne5 Bh5 10. Rc1 Nd7 11. Nxd7 Qxd7 12. c4 Nb4 13. a3 Nd3 14. Rc2 Nxb2 15.
Rxb2 Bxa3 16. Ra2 Bb4 17. Nf3 f6 18. Qa1 a5 19. c5 b6 20. Ne1 bxc5 21. Nd3 Qb5
22. Rc1 cxd4 23. Nxb4 Qxb4 24. Rxc7 Bg6 25. h4 Reb8 26. Bh3 f5 27. e3 Qd6 28.
Rac2 Qe5 29. exd4 Qe4 30. Qd1 Rb4 31. Rd2 a4 32. Bg2 Qg4 33. Bf3 Qh3 34. Bg2
Qg4 35. Bf3 1/2-1/2

[Event "25.Schlosspark-Open"]
[Site "Wiesbaden-Biebrich"]
[Date "2013.08.23"]
[Round "3.40"]
[White "Feicht, Arno"]
[Black "Meaubert, Thomas"]
[Result "1-0"]
[WhiteElo "2049"]
[BlackElo "1834"]
[PlyCount "63"]
[EventDate "2013.??.??"]
[WhiteTeam "Sfr. Anderssen Wetzlar"]
[BlackTeam "Sfr. Hochheim"]

1. d4 e6 2. e4 c5 3. d5 exd5 4. exd5 d6 5. Nf3 Nd7 6. Nc3 a6 7. a4 b6 8. Be2 f6
9. O-O g6 10. Bc4 Bg7 11. Re1+ Ne7 12. Ne4 Qc7 13. Bf4 Ne5 14. Nxe5 fxe5 15.
Bg5 O-O 16. Qd2 Bf5 17. Ng3 Rf7 18. c3 Kh8 19. Re2 Ng8 20. Nxf5 gxf5 21. f4 h6
22. Bh4 e4 23. g4 Qd7 24. Rae1 Nf6 25. gxf5 Qxf5 26. Bxf6 Bxf6 27. Rxe4 Rg8+
28. Kh1 Be5 29. Rxe5 dxe5 30. d6 Qh3 31. Qe2 Qd7 32. Qxe5+ 1-0

[Event "25.Schlosspark-Open"]
[Site "Wiesbaden-Biebrich"]
[Date "2013.08.23"]
[Round "3.41"]
[White "Krischak, Werner"]
[Black "Reh, Stefan"]
[Result "0-1"]
[WhiteElo "1776"]
[BlackElo "2048"]
[PlyCount "74"]
[EventDate "2013.??.??"]
[WhiteTeam "SK Marburg 1931/72"]
[BlackTeam "SC 1934 Gelnhausen"]

1. d4 d5 2. c4 c6 3. Nf3 e6 4. e3 f5 5. Nc3 Nf6 6. Bd3 Bd6 7. O-O O-O 8. Bd2
Ne4 9. c5 Bc7 10. b4 Qf6 11. Ne2 Nd7 12. Rb1 e5 13. dxe5 Nxe5 14. Nxe5 Bxe5 15.
Be1 Qh6 16. g3 Nf6 17. f3 Qxe3+ 18. Kg2 Qh6 19. Bd2 Qh5 20. Nf4 Qf7 21. Re1 Bc7
22. Qc2 g6 23. Ne2 Bd7 24. Nd4 f4 25. gxf4 Nh5 26. f5 Nf4+ 27. Bxf4 Bxf4 28.
fxg6 hxg6 29. Bxg6 Qg7 30. Ne6 Qh6 31. Nxf4 Rxf4 32. Re7 Qh3+ 33. Kg1 Qxf3 34.
h3 Bxh3 35. Kh2 Bf5 36. Bxf5 Rh4+ 37. Kg1 Rh1# 0-1

[Event "25.Schlosspark-Open"]
[Site "Wiesbaden-Biebrich"]
[Date "2013.08.23"]
[Round "3.43"]
[White "Traut, Stefan"]
[Black "Tepe, Josef"]
[Result "0-1"]
[WhiteElo "1775"]
[BlackElo "2044"]
[PlyCount "142"]
[EventDate "2013.??.??"]
[WhiteTeam "Sfr. Heusenstamm"]
[BlackTeam "SC Taunusstein 1966"]

1. d4 d5 2. Nf3 c6 3. e3 Nf6 4. c4 g6 5. Bd3 Bg7 6. Nc3 O-O 7. O-O e6 8. b3 c5
9. Bb2 b6 10. Rc1 cxd4 11. exd4 Bb7 12. cxd5 Nxd5 13. Nxd5 Bxd5 14. Ba3 Re8 15.
Bb5 Nd7 16. Bxd7 Qxd7 17. Ne5 Qb7 18. f3 Bh6 19. Rc2 Rac8 20. Bc1 Rxc2 21. Qxc2
Rc8 22. Qb2 Rxc1 23. Rxc1 Be3+ 24. Kh1 Bxc1 25. Qxc1 f6 26. Nd3 Bxf3 27. Qf1
Be4 28. Nb2 Kg7 29. h3 Qd5 30. Qf2 Qf5 31. Qg3 e5 32. dxe5 Qxe5 33. Qf2 Qc3 34.
Kh2 Qc2 35. Qxc2 Bxc2 36. Nc4 Bd3 37. Ne3 Kf7 38. b4 Ke6 39. Kg3 h5 40. Kf3 Ke5
41. g4 h4 42. Nd1 Bf1 43. Nf2 g5 44. Ke3 Bg2 45. Nd3+ Kd5 46. Nf2 Kc4 47. b5
Kd5 48. a4 Bf1 49. Ne4 Ke5 50. Nf2 Bc4 51. Kf3 Bb3 52. Nd3+ Kd4 53. Nb4 Bxa4
54. Nc6+ Kc5 55. Nxa7 Bxb5 56. Nc8 Bf1 57. Ne7 Kd4 58. Nc6+ Kd5 59. Ne7+ Ke6
60. Nf5 Bxh3 61. Nd4+ Kd5 62. Nf5 Bf1 63. Ne3+ Kd4 64. Nxf1 b5 65. Ke2 Ke4 66.
Ne3 b4 67. Kf2 b3 68. Nc4 Kd4 69. Nb2 Kc3 70. Nd1+ Kc2 71. Ne3+ Kc1 0-1

[Event "25.Schlosspark-Open"]
[Site "Wiesbaden-Biebrich"]
[Date "2013.08.23"]
[Round "3.44"]
[White "Maleski, Heinz"]
[Black "Stabernack, Joschi"]
[Result "0-1"]
[WhiteElo "1771"]
[BlackElo "2041"]
[PlyCount "74"]
[EventDate "2013.??.??"]
[WhiteTeam "SC Budenheim"]
[BlackTeam "Kasseler SK 1876"]

1. d4 Nf6 2. Bf4 g6 3. e3 Bg7 4. Be2 O-O 5. h3 d6 6. Nf3 c5 7. c3 b6 8. O-O Bb7
9. Nbd2 e6 10. Rc1 Nc6 11. Nc4 Ne4 12. Qc2 d5 13. Ncd2 Rc8 14. Nxe4 dxe4 15.
Qxe4 Nxd4 16. Qd3 Nxf3+ 17. gxf3 Qxd3 18. Bxd3 Bxf3 19. Rfe1 c4 20. Be2 Bxe2
21. Rxe2 Rfd8 22. Rcc2 e5 23. Bg3 e4 24. Rcd2 Rd3 25. Kg2 Rcd8 26. Rc2 f5 27.
h4 Kf7 28. f3 Ke6 29. fxe4 fxe4 30. Bf4 Rf8 31. Rf2 Rf5 32. Rcd2 Bf6 33. Kg3
Be5 34. Rxd3 Bxf4+ 35. Rxf4 exd3 36. Rxc4 d2 37. Rd4 Rd5 0-1

[Event "25.Schlosspark-Open"]
[Site "Wiesbaden-Biebrich"]
[Date "2013.08.23"]
[Round "3.45"]
[White "Seehaus, Bernhard"]
[Black "Zeyen, Helmut"]
[Result "1-0"]
[WhiteElo "2038"]
[BlackElo "1808"]
[PlyCount "61"]
[EventDate "2013.??.??"]
[WhiteTeam "SV Schachforum Darmstadt 1994"]
[BlackTeam "Wiesbadener SV 1885"]

1. d3 d5 2. e4 e5 3. Nd2 Nf6 4. Ngf3 Bd6 5. Be2 Nc6 6. O-O Be6 7. Ng5 Qd7 8.
Nxe6 Qxe6 9. exd5 Nxd5 10. Nc4 O-O-O 11. c3 f5 12. Ne3 Nf4 13. Bf3 h5 14. Bxc6
bxc6 15. Nc4 g5 16. Qa4 Bc5 17. d4 Ne2+ 18. Kh1 exd4 19. cxd4 Rxd4 20. b3 Re8
21. Be3 f4 22. Qa6+ Kd7 23. Bxd4 Bxd4 24. Rad1 g4 25. Qxa7 c5 26. Qxc5 Qe4 27.
f3 Ke6 28. Qxh5 gxf3 29. Qxe8+ Kf5 30. Qxe4+ Kxe4 31. gxf3+ 1-0

[Event "25.Schlosspark-Open"]
[Site "Wiesbaden-Biebrich"]
[Date "2013.08.23"]
[Round "3.46"]
[White "Brandt, Michael"]
[Black "Leidorf, Sebastian"]
[Result "0-1"]
[WhiteElo "1758"]
[BlackElo "2037"]
[PlyCount "57"]
[EventDate "2013.??.??"]
[WhiteTeam "Wiesbadener SV 1885"]
[BlackTeam "SV Bergwinkel"]

1. f4 c5 2. Nf3 g6 3. e3 Bg7 4. c3 Nf6 5. d4 b6 6. Bd3 Bb7 7. O-O O-O 8. Nbd2
Nc6 9. Re1 cxd4 10. exd4 Qc7 11. Nf1 e6 12. Ne5 d6 13. Ng4 Nd5 14. g3 a6 15.
Nge3 Nde7 16. Be4 f5 17. Bf3 Kf7 18. d5 Nd8 19. dxe6+ Nxe6 20. Bxb7 Qxb7 21.
Qb3 d5 22. Rd1 Nc5 23. Qc2 Rac8 24. Nd2 Rfd8 25. Nf3 Ne6 26. Qd2 d4 27. cxd4
Qxf3 28. Rf1 Qe4 29. Nc2 0-1

[Event "25.Schlosspark-Open"]
[Site "Wiesbaden-Biebrich"]
[Date "2013.08.23"]
[Round "3.47"]
[White "Bingert, Tim Niklas"]
[Black "Happel, Jonas"]
[Result "1-0"]
[WhiteElo "2026"]
[BlackElo "1780"]
[PlyCount "65"]
[EventDate "2013.??.??"]
[WhiteTeam "SK Langen"]
[BlackTeam "SV 1920 Hofheim"]

1. e4 c5 2. Nf3 Nc6 3. d4 cxd4 4. Nxd4 g6 5. c4 Bg7 6. Be3 Nf6 7. Nc3 O-O 8.
Be2 e6 9. Ndb5 Ne8 10. Bc5 Ne7 11. Bxa7 Bxc3+ 12. bxc3 f5 13. e5 Nc6 14. Bd4
Nxd4 15. cxd4 d6 16. O-O dxe5 17. dxe5 Bd7 18. Qb3 Bxb5 19. cxb5 Qb6 20. Rfd1
Rf7 21. Bc4 Re7 22. Rd7 Kf8 23. Qb4 Nd6 24. Rxd6 Qa5 25. Qxa5 Rxa5 26. a4 Kf7
27. Bb3 g5 28. Rad1 h5 29. Rd7 f4 30. Rxe7+ Kxe7 31. Rd6 h4 32. Rxe6+ Kd7 33.
Rg6 1-0

[Event "25.Schlosspark-Open"]
[Site "Wiesbaden-Biebrich"]
[Date "2013.08.23"]
[Round "3.48"]
[White "Gnad, Gunnar"]
[Black "Gentner, Markus"]
[Result "0-1"]
[WhiteElo "1755"]
[BlackElo "2025"]
[PlyCount "82"]
[EventDate "2013.??.??"]
[WhiteTeam "Gambit Bonneweg"]
[BlackTeam "SG Stern Stuttgart"]

1. c4 e5 2. Nc3 Bb4 3. Nf3 Nc6 4. a3 Bxc3 5. dxc3 d6 6. e4 Nge7 7. Be2 O-O 8.
O-O h6 9. b4 f5 10. Nd2 f4 11. Nb3 Be6 12. f3 Qe8 13. b5 Nb8 14. Bb2 Qf7 15.
Nd2 Nd7 16. a4 Kh7 17. Rf2 Rg8 18. Ba3 g5 19. Qf1 g4 20. fxg4 Bxg4 21. Nf3 Rg7
22. c5 dxc5 23. Rd1 Ng6 24. Ng5+ hxg5 25. Bxg4 Nf6 26. Bf5 b6 27. Qe2 Kg8 28.
c4 Nh4 29. g4 Nxf5 30. exf5 e4 31. h3 Rh7 32. Rh2 Re8 33. Bb2 e3 34. Qf3 Ne4
35. Rd5 Nd2 36. Rhxd2 exd2 37. Rxd2 Qe7 38. Qd5+ Kf8 39. Kg2 Rxh3 40. Kxh3 Qe3+
41. Kg2 Qg3+ 0-1

[Event "25.Schlosspark-Open"]
[Site "Wiesbaden-Biebrich"]
[Date "2013.08.23"]
[Round "3.49"]
[White "Muuss, Klaus"]
[Black "Anhalt, Albert"]
[Result "1/2-1/2"]
[WhiteElo "2009"]
[BlackElo "1776"]
[PlyCount "139"]
[EventDate "2013.??.??"]
[WhiteTeam "VSF Flintbek"]
[BlackTeam "SG Turm Idstein"]

1. e4 e5 2. Nf3 Nc6 3. Bb5 a6 4. Ba4 Be7 5. O-O b5 6. Bb3 Nf6 7. Re1 d6 8. h3
Na5 9. c3 c5 10. d4 c4 11. Bc2 Qc7 12. d5 Nb7 13. Nbd2 Bd7 14. Nf1 Nc5 15. Ng3
O-O 16. Nf5 Bxf5 17. exf5 Qb7 18. Bg5 Rfe8 19. Bxf6 Bxf6 20. Nh2 e4 21. Ng4 Bg5
22. g3 Nd3 23. Bxd3 exd3 24. h4 Rxe1+ 25. Qxe1 Bf6 26. Ne3 Re8 27. Qd2 Bd8 28.
Re1 Kf8 29. b3 Bb6 30. f6 gxf6 31. Nf5 Rxe1+ 32. Qxe1 Qd7 33. g4 Qe8 34. Qxe8+
Kxe8 35. Nxd6+ Kd7 36. Ne4 Bd8 37. bxc4 bxc4 38. Kf1 f5 39. Nd2 Kd6 40. Nxc4+
Kxd5 41. Ne3+ Ke4 42. Nxf5 Kf3 43. Ke1 Kxg4 44. Nh6+ Kf3 45. h5 f6 46. Kd2 Kxf2
47. Kxd3 Kf3 48. c4 Kf4 49. c5 Bc7 50. Ng8 Ke5 51. Kc4 f5 52. Ne7 f4 53. Nd5 f3
54. Ne3 Ke4 55. Nf1 f2 56. Kc3 Ba5+ 57. Kc2 Kd5 58. Kd3 Kxc5 59. Ke2 Be1 60.
Ng3 Kb4 61. Ne4 Ka3 62. Ng5 Kxa2 63. Nxh7 Kb2 64. Nf6 Bc3 65. Ne4 f1=Q+ 66.
Kxf1 Bg7 67. Ke2 a5 68. Nc5 Kc3 69. Kd1 Bh6 70. Na4+ 1/2-1/2

[Event "25.Schlosspark-Open"]
[Site "Wiesbaden-Biebrich"]
[Date "2013.08.23"]
[Round "3.50"]
[White "Supplieth, Peter"]
[Black "Schneider, Lutz"]
[Result "1-0"]
[WhiteElo "2000"]
[BlackElo "1772"]
[PlyCount "83"]
[EventDate "2013.??.??"]
[WhiteTeam "SC Kevelaer 1948 e.V."]
[BlackTeam "Vorw.Orient Mainz"]

1. e4 c6 2. d4 d5 3. Nc3 dxe4 4. Nxe4 Bf5 5. Ng3 Bg6 6. Nf3 e6 7. Be2 Bd6 8.
O-O Nd7 9. c4 Ne7 10. Bg5 f6 11. Be3 h5 12. Nh4 Bf7 13. f4 c5 14. Ne4 Qc7 15.
Nxd6+ Qxd6 16. dxc5 Qc7 17. b4 Ng6 18. Nxg6 Bxg6 19. Qd6 O-O-O 20. Qxc7+ Kxc7
21. Rfd1 e5 22. fxe5 Nxe5 23. Bf4 Rhe8 24. Bf3 Bd3 25. Bd5 Bf5 26. Bf7 Re7 27.
Bxh5 Kc8 28. Rxd8+ Kxd8 29. Rd1+ Kc8 30. Bxe5 Rxe5 31. Bf3 Re3 32. c6 b6 33. b5
Ra3 34. Rd2 Bd3 35. Bd5 Rc3 36. Be6+ Kc7 37. a4 f5 38. Kf2 g5 39. Ke3 Be4+ 40.
Kd4 Ra3 41. Ke5 Bd3 42. Bxf5 1-0